| 000 | 00831nam a2200265 i 4500 | ||
|---|---|---|---|
| 001 | 000022427 | ||
| 003 | DO-SdBNP | ||
| 005 | 20241112082036.0 | ||
| 007 | ta | ||
| 008 | 101011s1998 dr 001 0 spa d | ||
| 040 |
_aDO-SdBNP _bspa _cBNPHU _erda |
||
| 049 | _aBNPD | ||
| 082 | 4 |
_axxx _bxxx _222 |
|
| 245 | 0 | 0 |
_aActos del gobierno eclesiástico : _b1859-1877 / _ceditor, Rafael Bello Peguero. |
| 264 | 4 |
_aSanto Domingo : _bEditora Amigo del Hogar, _c1998. |
|
| 300 |
_a615 páginas ; _c24 cm. |
||
| 336 |
_atexto _btxt _2rdacontent |
||
| 337 |
_asin mediación _bn _2rdamedia |
||
| 338 |
_avolumen _bnc _2rdacarrier |
||
| 500 | _aIncluye índice | ||
| 590 | _aInventariado, 2024/BT | ||
| 700 | 1 |
_aBello Peguero, Rafael, _eeditor _4ed. |
|
| 710 | 2 |
_aIglesia Católica _bArquidiócesis de Santo Domingo _946234 |
|
| 942 |
_2ddc _cLBS1 |
||
| 999 |
_c21925 _d21925 |
||